| 000 | 00511nam a2200193Ia 4500 | ||
|---|---|---|---|
| 005 | 20250425161702.0 | ||
| 008 | 250425s9999 xx 000 0 und d | ||
| 041 | _aeng | ||
| 082 | _a542.08 | ||
| 100 | _aEWING, GALEN W. | ||
| 245 | 0 | _aTOPICS IN CHEMICAL INSTRUMENTATION: A VOLUME OF REPRINTS THE JOURNAL OF CHEMICAL EDUCATION | |
| 250 | _a1TH ED. | ||
| 260 | _aEASTON | ||
| 260 |
_aEstados Unidos _bCHEMICAL PUBLISHING _c1971 |
||
| 300 | _a329 | ||
| 650 | _aQUIMICA | ||
| 942 | _c01 | ||
| 010 | _a25817 | ||
| 999 |
_c214040 _d214040 |
||